| 000 | 005820000a22002050004500 | ||
|---|---|---|---|
| 003 | LK-CoMWRAF | ||
| 005 | 20231013150037.0 | ||
| 008 | 230817t2005 ||||| |||| 00| 0 eng d | ||
| 020 | _a0330489305 | ||
| 040 |
_aLK-CoMWRAF _dLK-CoMWRAF _eLK-CoMWRAF |
||
| 041 | _aeng | ||
| 082 |
_a306 _bKAN |
||
| 100 | _aKane, Pat | ||
| 245 |
_aThe Play Ethic: _ba manifesto for a different way of living |
||
| 260 |
_aLondon: _bPan Books, _c2005 |
||
| 300 |
_a448 p. : ills. ; 24 cm. _bBibliography and Index included |
||
| 650 | _aPLAY-Social aspects | ||
| 650 | _aConduct of life | ||
| 942 | _cBK | ||
| 999 |
_c832 _d832 |
||